000 00843nam a2200241 i 4500
001 bgj
245 0 0 _aThe Age of Shakespeare.
_nVol. 2 /
_cedited by Boris Ford.
260 _aLondon :
_bPenguin Books,
_c1991.
300 _a587, [1] pp ;
_c20 cm.
490 1 _aThe New Pelican Guide to English Literature ;
_vvol. 2
505 _aIncludes index and bibliographical references.
650 9 _aEnglish literature
_xHistory and criticism
_xEarly modern English
_y1500-1700
650 9 _aEnglish literature
_xCritical studies
_y1558-1625
700 1 _aFORD, Boris.
_eed.
830 _aThe New Pelican Guide to English Literature
830 _aThe New Pelican Guide to English Literature ;
020 _a0140138080
040 _cBPK
041 0 _aeng
920 _a0-14-013808-0
942 _cKS
008 s uk f |000 0 eng
999 _c48434
_d48434
856 _uhttp://koha.tu.koszalin.pl/cgi-bin/koha/opac-detail.pl?biblionumber=48434
_yKatalog online BPK